000 00342nam a2200133Ia 4500
008 240624s9999 xx 000 0 und d
041 _aeng
082 _a658.3128 BEN
100 _aBENDALY LESLIE
245 _aBRAIN TEASERS FOR TEAM LEADERS
260 _c2005
_aNew Delhi
_bTata McGrawhill
300 _av, : 326 : p. : cm. ; 28
365 _cRS
999 _c3574
_d3574